| 000 | 00961nam a22002417a 4500 | ||
|---|---|---|---|
| 003 | CUTN | ||
| 005 | 20250303105531.0 | ||
| 008 | 250303b |||||||| |||| 00| 0 eng d | ||
| 020 | _a9789390063628 | ||
| 041 | _aEnglish | ||
| 082 |
_a332.109 _bSEL |
||
| 100 | _aSelvan, G. Sengkathir | ||
| 245 | _aRural Banking in Tamil Nadu / | ||
| 260 |
_aChennai : _bMJP Publishers, _c2022. |
||
| 300 |
_a473 pages : _c244 x 170 x 27 mm |
||
| 505 | _tIntroduction, Banking Scenario in India: An Overview, Theoritical, Conceptual Frame Work and Review of Literature, Operational Performance of The Canara Bank in Madurai Circle, Tamil Nadu, Rural Banking by Canara Bank in Madurai Circle, Tamil Nadu, Canara Bank and Rural Development Schemes, Summary of Findings, Policy Implications and Conclusions | ||
| 650 | _aRural banking | ||
| 650 | _aTamil Nadu | ||
| 650 | _afinancial inclusion | ||
| 700 | _aRamaswamy, S. | ||
| 700 | _aManivel, S. | ||
| 942 |
_2ddc _cBOOKS |
||
| 999 |
_c44077 _d44077 |
||